header

Organizational assessment (Record no. 186231)

MARC details
000 -LEADER
fixed length control field 01859nam a2200349Ia 4500
082 04 - DEWEY DECIMAL CLASSIFICATION NUMBER
Classification number 658.1
245 00 - TITLE STATEMENT
Title Organizational assessment
260 ## - PUBLICATION, DISTRIBUTION, ETC. (IMPRINT)
Place of publication Ottawa :
Name of publisher International Development Research Centre,
Year of publication 2002.
300 ## - PHYSICAL DESCRIPTION
Number of Pages xii, 202 p. :
Other physical details ill.
505 0# - FORMATTED CONTENTS NOTE
Formatted contents note Ch. 1. Introduction: Changes in Development Assistance -- Ch. 2. The Enabling Environment and Organizational Performance -- Ch. 3. Capacity -- Ch. 4. Organizational Motivation -- Ch. 5. Performance -- Ch. 6. Methodological Issues in Organizational Assessment -- Ch. 7. Implementing an Organizational Assessment -- App. 1. Environment Assessment Questions -- App. 2. An Organizational Assessment - Sample Report Outline.
650 #0 - SUBJECT ADDED ENTRY--TOPICAL TERM
Topical Term Organizational effectiveness
Topical Term Sustainable development
700 1# - ADDED ENTRY--PERSONAL NAME
Personal name Lusthaus, Charles.
856 40 - ELECTRONIC LOCATION AND ACCESS
Uniform Resource Identifier http://site.ebrary.com/lib/rucke/Doc?id=10137750

No items available.

© 2026 Rongo University
Contact us: librarian | system librarian | Rongo university